000 00606nam a2200229Ia 4500
005 20260115174002.0
008 008 260114s9999 xx 000 0 eng d
020 _a9781139055857
037 _aEBOOK
040 _aCRL
_beng
_cCRL
041 _aeng
_2eng
084 _qCRL
100 _aCrawley
_9894568
245 4 _aThe New Cambridge Modern History
260 _bCambridge University Press
260 _bCambridge University Press
260 _c1965
650 _aHistory
_9894569
856 _uhttps://doi.org/10.1017/CHOL9780521045476
942 _cEBOOK
999 _c1488987
_d1488987